000 00625nam a2200229Ia 4500
008 160216s9999 xx 000 0 und d
050 _aFIL T 385
050 _b.C75 2011 c.2
100 _aCrisostomo, Conchita Camba.
245 _aWindows presentation graphics /
245 _cConchita Camba Crisostomo.
250 _a6th Edition
260 _aManila :
260 _b3K-IT Educational Services,
260 _c2011
300 _a150 pages :
300 _bill. ;
300 _c23 cm.
500 _aInludes bibliographical references.
650 _aComputer graphics.
650 _aWindows (Computer programs)
999 _c290981
_d290981